Langues - Mort subite - Statistiques

Statistiques générales
  • Ce quiz a été pris 529 fois
    464 depuis la dernière actualisation
  • Le résultat moyen est 7 sur 20
Answers on the Grid
Answers color-coded by a green-red scale on the quiz's grid according to % correct below.
Anglais
Argyle
Australien
Basque
Birman
Chilien
Mandarin
Egyptien
Ewe
Forint
Gregorien
Igbo
Irakien
Italien
Khmer
Kikongo
Lhoti
Libanais
Lingala
Luxembourgeois
Malgache
Maori
Marocain
Marshallais
Ourdou
Ouroboros
Péruvien
Quechua
Somali
Suisse
Swahili
Tadjik
Uruguayen
Vanuate
Zoulou
 
Statistiques - réponses
Réponse % Correct
Angleterre, USA, Australie ... Anglais
65%
Italie Italien
64%
Chine, Singapour, Taiwan Mandarin
61%
Espagne, Andorre Basque
48%
Kenya, Ouganda Swahili
47%
Madagascar Malgache
44%
Afrique du Sud Zoulou
44%
RDC, Congo, République Centrafricaine Lingala
42%
Cambodge Khmer
32%
Nouvelle-Zélande Maori
31%
Bolivie Quechua
31%
Luxembourg Luxembourgeois
26%
Inde, Pakistan Ourdou
24%
Birmanie Birman
20%
Tadjikistan Tadjik
20%
Nigéria Igbo
18%
Somalie Somali
18%
Togo, Ghana Ewe
13%
Angola, RDC, Congo Kikongo
8%
Îles Marshall Marshallais
6%
Aucun quiz correspondant
Distribution des résultats
% des personnes avec chaque résultat
Percentile par nombre de réponses
Votre historique - résultats
Vous n’avez pas pris ce quiz depuis la dernière actualisation